00463 2200169 4500001002100000005001500021035002000036245005100056100002000107300002100127260004300148082001400191084002000205020002200225600002000247990002600267INLIS00000000000023420251021022407 a0010-10250000521 aSMART & CREATIVE PARENTING /cSalim Bin Madhi0 aSalim Bin Madhi a114 hlm ;c18 cm aSukoharjo :bAssalam Publishing,c2016 a173/Sal/s a173/Sal/s SAL s a978-602-6239-03-7 4aSalim Bin Madhi a2017/SMKMIRI/1505/001